000 00378nam a2200133Ia 4500
008 220217s9999||||xx |||||||||||||| ||und||
020 _a9780070595088
082 _a658.311 KRO
100 _aKroechnert, Gary
_98160
245 0 _aBasic presentation skill
260 _aTata mcgraw hill company Ltd
_bNew Delhi
_c2010
300 _aVI, 169p.
_b350
650 _aGENERAL BOOKS
999 _c182884
_d182884